European countries that didnt exist in 1980 - Statistics

General Stats
  • This quiz has been taken 104 times
  • The average score is 14 of 15
Answer Stats
Hint Answer % Correct
Czechoslovakia Slovakia
100%
Yugoslavia Bosnia
98%
Yugoslavia Croatia
97%
USSR Ukraine
96%
USSR Belarus
92%
USSR Lithuania
92%
Yugoslavia Montenegro
92%
Yugoslavia Slovenia
92%
USSR Estonia
91%
USSR Latvia
90%
USSR Georgia
84%
USSR Armenia
83%
USSR Moldova
83%
USSR Azerbaijan
82%
Yugoslavia Macedonia
81%
No matching quizzes found
Score Distribution
Percent of People with Each Score
Percentile by Number Answered
Your Score History
You have not taken this quiz